00546nam a22001697a 450000500170000001000140001702000260003103500130005703700130007008200120008310000160009524500800011126000360019127000870022730000290031465000330034320100730142038.0 aENG-97319 a9789380283784c295.00 aEN-80852 bDBAD/PUB a791.457 aSane, Omkar aComing soon. The end :bthe reality show called television /cby Omkar Sane aChennaibTranquebar Pressc2010 aVenkat Towers, 165, P.H. Road, Opp. Maduravoyal Municipal Office,bChennaie600095 aviii, 252p.c20cm, (pbk) aReality Television Programme